[Event "WC-2016-S-00006"]
[Site "LSS email"]
[Date "2016.07.28"]
[Round "?"]
[White "Kahl, Fred"]
[Black "Liamtsau, Valery"]
[Result "1/2-1/2"]
[WhiteElo "2345"]
[BlackElo "2352"]
[PlyCount "84"]
[EventDate "2016.08.03"]
[EventType "tourn (corr)"]
[EventRounds "12"]
[EventCountry "GER"]
[SourceTitle "Corr 2022"]
[Source "ChessBase"]
[SourceDate "2021.10.24"]
[SourceVersion "1"]
[SourceVersionDate "2021.10.24"]
[SourceQuality "1"]

1. e4 e6 2. d4 d5 3. Nc3 Nf6 4. Bg5 Bb4 5. e5 h6 6. Bc1 Ne4 7. Qg4 g6 8. Nge2 Nxc3 9. Nxc3 c5 10. a3 Bxc3+ 11. bxc3 Qc7 12. Bd2 Bd7 13. Bd3 c4 14. Be2 Ba4 15. Ra2 Nc6 16. 0-0 0-0-0 17. Rb1 Qe7 18. Qf3 b6 19. Rab2 Kb7 20. Qe3 Rdf8 21. Qg3 g5 22. Re1 f5 23. exf6 Rxf6 24. Bg4 h5 25. Qh3 Qxa3 26. Bc1 Qa1 27. Bxh5 Nd8 28. Rf1 Be8 29. g4 Rff8 30. Rb4 Qa6 31. Re1 Rfg8 32. Qf3 Bxh5 33. gxh5 Ka8 34. Qg4 Qb7 35. Bxg5 Qh7 36. h4 Qxh5 37. Qxh5 Rxh5 38. Kf1 Kb7 39. Bxd8 Rxd8 40. Rxe6 Rd7 41. Rb1 Rxh4 42. Ke2 Rh3 1/2-1/2

[Event "WC-2016-S-00006"]
[Site "LSS email"]
[Date "2016.07.28"]
[Round "?"]
[White "Ketelhoehn, Bernd"]
[Black "Liamtsau, Valery"]
[Result "1/2-1/2"]
[WhiteElo "2429"]
[BlackElo "2352"]
[PlyCount "152"]
[EventDate "2016.08.03"]
[EventType "tourn (corr)"]
[EventRounds "12"]
[EventCountry "GER"]
[SourceTitle "Corr 2022"]
[Source "ChessBase"]
[SourceDate "2021.10.24"]
[SourceVersion "1"]
[SourceVersionDate "2021.10.24"]
[SourceQuality "1"]

1. e4 e6 2. d3 d5 3. Qe2 Nc6 4. Nf3 d4 5. c3 e5 6. cxd4 exd4 7. g3 Be7 8. Bg2 h5 9. h4 Nf6 10. a3 Bg4 11. Qc2 Nd7 12. Nh2 Be6 13. Nd2 a5 14. f4 Nc5 15. b3 f6 16. 0-0 Qd7 17. Nhf3 0-0 18. Bb2 Ra6 19. Rab1 Rd8 20. Ba1 b5 21. Kh2 Rb6 22. Rbe1 Qe8 23. Bh3 Bg4 24. Bg2 Qf7 25. Rb1 Na6 26. Bb2 Nc5 27. Rfe1 Bf8 28. Rh1 Be6 29. Ba1 Na6 30. f5 Bc8 31. Bb2 Nc5 32. Rhe1 Nd7 33. Rec1 Bb7 34. Nxd4 Nde5 35. Ne6 Ng4+ 36. Kh1 Rxd3 37. Nf1 b4 38. axb4 Bxb4 39. Rd1 Ba6 40. Rbc1 Qd7 41. Kg1 Rxd1 42. Rxd1 Bd6 43. e5 Ncxe5 44. Bxe5 Nxe5 45. Ne3 Rb4 46. Nd5 Rb8 47. Rd4 Bd3 48. Rxd3 Nxd3 49. Qxd3 Qb5 50. Qf3 Qxb3 51. Ne3 Qc3 52. Kh2 a4 53. Nf4 c6 54. Nxh5 Rb4 55. Kh3 Kf8 56. Qxc6 Qxc6 57. Bxc6 Rb3 58. Nc2 a3 59. Bd5 Rd3 60. Be6 Rd2 61. Nxa3 Bxa3 62. Kg4 Rd4+ 63. Kf3 Bc1 64. Bc8 Bh6 65. g4 Rd3+ 66. Kg2 Bd2 67. Ba6 Ra3 68. Bb7 Kg8 69. Bd5+ Kh7 70. g5 fxg5 71. f6 g6 72. f7 Bb4 73. Nf6+ Kg7 74. hxg5 Be7 75. Ne8+ Kf8 76. Nf6 Bxf6 1/2-1/2

[Event "WC-2016-S-00006"]
[Site "LSS email"]
[Date "2016.07.28"]
[Round "?"]
[White "Langer, Raimund"]
[Black "Liamtsau, Valery"]
[Result "1/2-1/2"]
[WhiteElo "2489"]
[BlackElo "2352"]
[PlyCount "68"]
[EventDate "2016.08.03"]
[EventType "tourn (corr)"]
[EventRounds "12"]
[EventCountry "GER"]
[SourceTitle "Corr 2022"]
[Source "ChessBase"]
[SourceDate "2021.10.24"]
[SourceVersion "1"]
[SourceVersionDate "2021.10.24"]
[SourceQuality "1"]

1. e4 e6 2. d4 d5 3. Nc3 Nf6 4. e5 Nfd7 5. f4 c5 6. Nf3 Nc6 7. Be3 cxd4 8. Nxd4 Bc5 9. Qd2 a6 10. 0-0-0 Nxd4 11. Bxd4 0-0 12. Qe3 Qc7 13. Bd3 Bxd4 14. Qxd4 b5 15. Rhe1 Qc5 16. Ne2 Re8 17. Kb1 b4 18. Rc1 Rb8 19. g4 a5 20. c3 b3 21. a3 Qb6 22. Qxb6 Rxb6 23. Nd4 Nc5 24. Red1 Rd8 25. Be2 h6 26. Nf3 Ne4 27. Rd4 Kf8 28. Bd3 Nc5 29. h4 Ke7 30. h5 Bd7 31. Be2 Ne4 32. Nh4 Rbb8 33. Bf1 Bc6 34. Bd3 Nf2 1/2-1/2

[Event "WC-2016-S-00006"]
[Site "LSS email"]
[Date "2016.07.28"]
[Round "?"]
[White "Liamtsau, Valery"]
[Black "Ketelhoehn, Bernd"]
[Result "1-0"]
[WhiteElo "2352"]
[BlackElo "2429"]
[PlyCount "107"]
[EventDate "2016.08.03"]
[EventType "tourn (corr)"]
[EventRounds "12"]
[EventCountry "GER"]
[SourceTitle "Corr 2022"]
[Source "ChessBase"]
[SourceDate "2021.10.24"]
[SourceVersion "1"]
[SourceVersionDate "2021.10.24"]
[SourceQuality "1"]

1. d4 d5 2. c4 c6 3. Nf3 Nf6 4. Nc3 dxc4 5. a4 Bf5 6. e3 e6 7. Bxc4 Bb4 8. 0-0 0-0 9. Qe2 Nbd7 10. e4 Bg6 11. Bd3 Bh5 12. e5 Nd5 13. Nxd5 cxd5 14. Qe3 Re8 15. Ng5 Bg6 16. Bxg6 hxg6 17. Bd2 Be7 18. f4 Nf8 19. Rf3 Rc8 20. Rh3 Qb6 21. Bc3 f5 22. exf6 gxf6 23. Nf3 Bd6 24. Rf1 Re7 25. Ne5 Qd8 26. Rh6 Rh7 27. Rxh7 Nxh7 28. Nxg6 Qe8 29. Nh4 Qf7 30. f5 Re8 31. Qd3 Ng5 32. fxe6 Rxe6 33. Nf5 Kh8 34. Be1 Qc7 35. Bg3 Bxg3 36. Nxg3 Qe7 37. Nf5 Qd7 38. Qg3 Re8 39. h3 Rg8 40. Rf4 Nh7 41. Rg4 Rxg4 42. Qxg4 Nf8 43. Qh4+ Nh7 44. Qh5 Qc6 45. h4 Qxa4 46. Qf7 Qd1+ 47. Kh2 Qg4 48. Qe8+ Qg8 49. Qd7 a5 50. Qxb7 Nf8 51. Qe7 Nh7 52. b3 Qg4 53. Qd8+ Qg8 54. Qxa5 1-0

[Event "WC-2016-S-00006"]
[Site "LSS email"]
[Date "2016.07.28"]
[Round "?"]
[White "Liamtsau, Valery"]
[Black "Muhl, Patrick"]
[Result "1/2-1/2"]
[WhiteElo "2352"]
[BlackElo "2453"]
[PlyCount "34"]
[EventDate "2016.08.03"]
[EventType "tourn (corr)"]
[EventRounds "12"]
[EventCountry "GER"]
[SourceTitle "Corr 2022"]
[Source "ChessBase"]
[SourceDate "2021.10.24"]
[SourceVersion "1"]
[SourceVersionDate "2021.10.24"]
[SourceQuality "1"]

1. d4 Nf6 2. c4 e6 3. g3 d5 4. Bg2 Be7 5. Nf3 0-0 6. 0-0 dxc4 7. Ne5 Nc6 8. Bxc6 bxc6 9. Nxc6 Qe8 10. Nxe7+ Qxe7 11. Qa4 e5 12. dxe5 Qxe5 13. Nc3 Ne4 14. Qb5 c5 15. Qxc4 Nxc3 16. Qxc3 Qxe2 17. Be3 Qh5 1/2-1/2

[Event "ZH-2016-0-01408"]
[Site "LSS email"]
[Date "2016.01.17"]
[Round "?"]
[White "Liamtsau, Valery"]
[Black "Keevil, Paul"]
[Result "1/2-1/2"]
[WhiteElo "2354"]
[BlackElo "2268"]
[PlyCount "113"]
[EventDate "2015.12.21"]
[EventType "match (corr)"]
[EventRounds "2"]
[EventCountry "GER"]
[SourceTitle "Corr 2022"]
[Source "ChessBase"]
[SourceDate "2021.10.24"]
[SourceVersion "1"]
[SourceVersionDate "2021.10.24"]
[SourceQuality "1"]

1. e4 c5 2. Nf3 d6 3. d4 cxd4 4. Nxd4 Nf6 5. Nc3 a6 6. Be3 Ng4 7. Bg5 h6 8. Bh4 g5 9. Bg3 Bg7 10. h3 Ne5 11. Qd2 Nbc6 12. 0-0-0 Nxd4 13. Qxd4 Be6 14. Nd5 Qa5 15. Kb1 Bxd5 16. exd5 0-0 17. Qe3 Rfc8 18. Bxe5 Bxe5 19. h4 Qb4 20. Qc1 Bf4 21. c3 Bxc1 22. cxb4 Bf4 23. g3 Be5 24. hxg5 hxg5 25. Bd3 a5 26. f4 Bf6 27. fxg5 Bxg5 28. Rh5 Bf6 29. g4 axb4 30. g5 Be5 31. g6 b3 32. a3 fxg6 33. Bxg6 Kg7 34. Rg1 Rh8 35. Be8+ Kf8 36. Rxh8+ Bxh8 37. Bd7 Ra5 38. Be6 Bg7 39. Rg4 Rb5 40. Rg3 Rb6 41. Kc1 Rb5 42. Kd1 b6 43. Kd2 Bh6+ 44. Ke2 Ke8 45. Rc3 Kf8 46. Kd3 Rc5 47. Rxb3 b5 48. Ke4 Rc4+ 49. Kf5 Bc1 50. Kg6 Rc2 51. Bh3 Rf2 52. Rxb5 Rf6+ 53. Kh5 Rf2 54. a4 Bxb2 55. a5 Kf7 56. Rb4 Ba3 57. Ra4 1/2-1/2

[Event "CP-2015-S-00003"]
[Site "LSS email"]
[Date "2015.03.02"]
[Round "?"]
[White "Koslowski, Volker"]
[Black "Liamtsau, Valery"]
[Result "1/2-1/2"]
[WhiteElo "2314"]
[BlackElo "2358"]
[PlyCount "42"]
[EventDate "2015.03.08"]
[EventType "tourn (corr)"]
[EventRounds "7"]
[EventCountry "GER"]
[SourceTitle "Corr 2022"]
[Source "ChessBase"]
[SourceDate "2021.10.24"]
[SourceVersion "1"]
[SourceVersionDate "2021.10.24"]
[SourceQuality "1"]

1. e4 e6 2. d4 d5 3. e5 c5 4. c3 Qb6 5. Nf3 Nc6 6. a3 Bd7 7. b4 cxd4 8. cxd4 Rc8 9. Bb2 Na5 10. Nbd2 Nc4 11. Nxc4 dxc4 12. Rc1 Qa6 13. d5 exd5 14. Qxd5 Ne7 15. Qd6 Nc6 16. Bxc4 Bxd6 17. Bxa6 Bxb4+ 18. axb4 bxa6 19. Ke2 Nxb4 20. Rxc8+ Bxc8 21. Ba3 a5 1/2-1/2

[Event "CP-2015-S-00003"]
[Site "LSS email"]
[Date "2015.03.02"]
[Round "?"]
[White "Liamtsau, Valery"]
[Black "Boehme, Sebastian"]
[Result "1/2-1/2"]
[WhiteElo "2358"]
[BlackElo "2455"]
[PlyCount "33"]
[EventDate "2015.03.08"]
[EventType "tourn (corr)"]
[EventRounds "7"]
[EventCountry "GER"]
[SourceTitle "Corr 2022"]
[Source "ChessBase"]
[SourceDate "2021.10.24"]
[SourceVersion "1"]
[SourceVersionDate "2021.10.24"]
[SourceQuality "1"]

1. e4 c5 2. Nf3 d6 3. d4 cxd4 4. Nxd4 Nf6 5. Nc3 a6 6. Be3 e5 7. Nb3 Be6 8. f3 h5 9. Nd5 Bxd5 10. exd5 g6 11. Qd2 Nbd7 12. Na5 Qc7 13. Nc4 b5 14. Na5 e4 15. a4 exf3 16. gxf3 Ne5 17. Be2 1/2-1/2

[Event "WC-2015-P-00021"]
[Site "LSS email"]
[Date "2015.01.19"]
[Round "?"]
[White "Dehaybe, Andre"]
[Black "Liamtsau, Valery"]
[Result "1/2-1/2"]
[WhiteElo "2105"]
[BlackElo "2368"]
[PlyCount "38"]
[EventDate "2015.01.25"]
[EventType "tourn (corr)"]
[EventRounds "12"]
[EventCountry "GER"]
[SourceTitle "Corr 2022"]
[Source "ChessBase"]
[SourceDate "2021.10.24"]
[SourceVersion "1"]
[SourceVersionDate "2021.10.24"]
[SourceQuality "1"]

1. Nf3 d5 2. d4 Nf6 3. c4 e6 4. Nc3 Be7 5. Bf4 0-0 6. e3 Nbd7 7. c5 Nh5 8. b4 Nxf4 9. exf4 c6 10. Bd3 b6 11. 0-0 a5 12. a3 Qc7 13. g3 Ba6 14. Bxa6 Rxa6 15. Qe2 Raa8 16. Na4 b5 17. Nb2 Bf6 18. Rfb1 axb4 19. axb4 Ra7 1/2-1/2

[Event "WC-2015-P-00021"]
[Site "LSS email"]
[Date "2015.01.19"]
[Round "?"]
[White "Liamtsau, Valery"]
[Black "Novikov, Sergej"]
[Result "1/2-1/2"]
[WhiteElo "2368"]
[BlackElo "2045"]
[PlyCount "55"]
[EventDate "2015.01.25"]
[EventType "tourn (corr)"]
[EventRounds "12"]
[EventCountry "GER"]
[SourceTitle "Corr 2022"]
[Source "ChessBase"]
[SourceDate "2021.10.24"]
[SourceVersion "1"]
[SourceVersionDate "2021.10.24"]
[SourceQuality "1"]

1. d4 Nf6 2. c4 e6 3. Nc3 Bb4 4. e3 0-0 5. Nge2 d5 6. a3 Be7 7. cxd5 exd5 8. Nf4 c6 9. Bd3 Re8 10. 0-0 Nbd7 11. f3 Nf8 12. b4 Ng6 13. Nfe2 a5 14. bxa5 Qxa5 15. Bd2 Qd8 16. a4 Bd6 17. Qc2 Bc7 18. Kh1 Qd6 19. g3 Ba5 20. Rfb1 Nf8 21. Nd1 Ne6 22. Bxa5 Rxa5 23. Kg2 Qc7 24. Ra2 g6 25. Nf2 h5 26. Qc3 Ng7 27. Qd2 Qd8 28. h3 1/2-1/2

[Event "WC-2015-P-00021"]
[Site "LSS email"]
[Date "2015.01.19"]
[Round "?"]
[White "Novikov, Sergej"]
[Black "Liamtsau, Valery"]
[Result "1/2-1/2"]
[WhiteElo "2045"]
[BlackElo "2368"]
[PlyCount "107"]
[EventDate "2015.01.25"]
[EventType "tourn (corr)"]
[EventRounds "12"]
[EventCountry "GER"]
[SourceTitle "Corr 2022"]
[Source "ChessBase"]
[SourceDate "2021.10.24"]
[SourceVersion "1"]
[SourceVersionDate "2021.10.24"]
[SourceQuality "1"]

1. d4 Nf6 2. c4 g6 3. Nc3 Bg7 4. e4 d6 5. Nf3 0-0 6. h3 e5 7. d5 a5 8. Bg5 Na6 9. Be2 h6 10. Be3 Nh5 11. Qd2 Nf4 12. Bf1 f5 13. exf5 Bxf5 14. 0-0-0 Nb4 15. Ne1 c6 16. dxc6 Qc8 17. g4 Be6 18. Ng2 d5 19. Nxf4 exf4 20. Bd4 Bxd4 21. Qxd4 Qxc6 22. c5 Rac8 23. Kb1 Qxc5 24. Qxc5 Rxc5 25. a3 Na6 26. Bd3 Bf7 27. Ne2 Rc6 28. Nxf4 Rf6 29. Bxa6 bxa6 30. Nd3 Rf3 31. Rd2 Re8 32. Ne1 Rb3 33. Ka1 d4 34. Nd3 g5 35. Rc1 Re7 36. f4 gxf4 37. Nxf4 Re4 38. Rf2 Rb8 39. Nh5 Re3 40. Nf6+ Kg7 41. Nh5+ Kf8 42. h4 d3 43. Rcf1 Rb7 44. Kb1 Kg8 45. Kc1 Rc7+ 46. Kd2 Rh3 47. Nf6+ Kh8 48. Rc1 Rxc1 49. Kxc1 Rxh4 50. Nd7 Kg7 51. Kd2 Be6 52. Nf6 Bxg4 53. Nxg4 Rxg4 54. Kxd3 1/2-1/2

[Event "WC-2014-Q-00001"]
[Site "LSS email"]
[Date "2014.11.12"]
[Round "?"]
[White "Liamtsau, Valery"]
[Black "Oliveira, Diogo"]
[Result "1/2-1/2"]
[WhiteElo "2367"]
[BlackElo "2225"]
[PlyCount "105"]
[EventDate "2014.11.20"]
[EventType "tourn (corr)"]
[EventRounds "12"]
[EventCountry "GER"]
[SourceTitle "Corr 2022"]
[Source "ChessBase"]
[SourceDate "2021.10.24"]
[SourceVersion "1"]
[SourceVersionDate "2021.10.24"]
[SourceQuality "1"]

1. e4 c5 2. c3 d5 3. exd5 Qxd5 4. d4 Nc6 5. Nf3 Bg4 6. Be2 cxd4 7. cxd4 e6 8. Nc3 Qa5 9. 0-0 Nf6 10. Be3 Bb4 11. Qb3 0-0 12. Rac1 Rac8 13. h3 Bh5 14. Rfd1 Rfd8 15. g4 Bg6 16. Ne5 Bxc3 17. bxc3 Nd5 18. Nxc6 bxc6 19. Bd2 Qc7 20. c4 Nf4 21. Bxf4 Qxf4 22. Qe3 Qd6 23. Bf3 Qb4 24. c5 Rd7 25. Rc3 Qb7 26. Ra3 Rcd8 27. Rd2 Kh8 28. Ra4 h6 29. a3 Qc8 30. Rb2 Rb7 31. Rxb7 Qxb7 32. Kg2 Qd7 33. Qe2 Rc8 34. Qa6 Rc7 35. Rb4 Kh7 36. a4 Kg8 37. h4 f5 38. h5 Bh7 39. Qe2 Rc8 40. a5 fxg4 41. Bxg4 Bf5 42. Bf3 Qd8 43. Qe5 Qg5+ 44. Qg3 Qd2 45. Rb7 Qxd4 46. Rxa7 Rf8 47. a6 Be4 48. Bxe4 Qxe4+ 49. Kh2 g5 50. Qe3 Qg4 51. Re7 Rxf2+ 52. Qxf2 Qxh5+ 53. Kg3 1/2-1/2

[Event "WC-2014-Q-00001"]
[Site "LSS email"]
[Date "2014.11.12"]
[Round "?"]
[White "Liamtsau, Valery"]
[Black "Tsygankov, Evgeny Georgievich"]
[Result "1/2-1/2"]
[WhiteElo "2367"]
[BlackElo "2433"]
[PlyCount "51"]
[EventDate "2014.11.20"]
[EventType "tourn (corr)"]
[EventRounds "12"]
[EventCountry "GER"]
[SourceTitle "Corr 2022"]
[Source "ChessBase"]
[SourceDate "2021.10.24"]
[SourceVersion "1"]
[SourceVersionDate "2021.10.24"]
[SourceQuality "1"]

1. d4 d5 2. c4 c6 3. Nc3 Nf6 4. Nf3 e6 5. e3 Nbd7 6. Bd3 dxc4 7. Bxc4 b5 8. Be2 Bb7 9. 0-0 a6 10. e4 c5 11. e5 Nd5 12. a4 b4 13. Nxd5 Bxd5 14. Be3 Be7 15. Rc1 Qa5 16. dxc5 Bxc5 17. Nd4 0-0 18. Bc4 Bxd4 19. Qxd4 Bxc4 20. Rxc4 Rfd8 21. Rxb4 Nxe5 22. Qe4 f5 23. Qb7 Qd5 24. Qxd5 Rxd5 25. Rb6 Nd3 26. Rxe6 1/2-1/2

[Event "WC-2014-Q-00001"]
[Site "LSS email"]
[Date "2014.11.12"]
[Round "?"]
[White "Sadowski, Marek"]
[Black "Liamtsau, Valery"]
[Result "1/2-1/2"]
[WhiteElo "2327"]
[BlackElo "2367"]
[PlyCount "46"]
[EventDate "2014.11.20"]
[EventType "tourn (corr)"]
[EventRounds "12"]
[EventCountry "GER"]
[SourceTitle "Corr 2022"]
[Source "ChessBase"]
[SourceDate "2021.10.24"]
[SourceVersion "1"]
[SourceVersionDate "2021.10.24"]
[SourceQuality "1"]

1. d4 Nf6 2. c4 g6 3. Nc3 Bg7 4. e4 d6 5. Nf3 0-0 6. Be2 e5 7. 0-0 exd4 8. Nxd4 Re8 9. f3 Nc6 10. Be3 Nh5 11. Qd2 Nxd4 12. Bxd4 Nf4 13. Rf2 Bxd4 14. Qxd4 b6 15. Nd5 c5 16. Nf6+ Kh8 17. Qc3 Re5 18. Nd5 Nxd5 19. cxd5 Kg8 20. Re1 a6 21. Bd1 Ra7 22. f4 Re8 23. b3 Rae7 1/2-1/2

[Event "WC-2014-Q-00001"]
[Site "LSS email"]
[Date "2014.11.12"]
[Round "?"]
[White "Szabo, Vilmos"]
[Black "Liamtsau, Valery"]
[Result "1/2-1/2"]
[WhiteElo "2463"]
[BlackElo "2367"]
[PlyCount "127"]
[EventDate "2014.11.20"]
[EventType "tourn (corr)"]
[EventRounds "12"]
[EventCountry "GER"]
[SourceTitle "Corr 2022"]
[Source "ChessBase"]
[SourceDate "2021.10.24"]
[SourceVersion "1"]
[SourceVersionDate "2021.10.24"]
[SourceQuality "1"]

1. d4 Nf6 2. c4 g6 3. Nc3 Bg7 4. e4 d6 5. Be2 0-0 6. Bg5 Na6 7. Qd2 e5 8. Nf3 Qe8 9. d5 Nc5 10. Qc2 h6 11. Be3 Ng4 12. Bxc5 dxc5 13. 0-0 Qe7 14. Qd3 Rd8 15. Rfe1 Nf6 16. h3 Nh5 17. Qe3 Nf4 18. Bf1 b6 19. a4 a5 20. Nb5 Nh5 21. Qc3 Bf6 22. g3 Ng7 23. Qe3 h5 24. h4 Ne8 25. Kh2 Kg7 26. b3 Nd6 27. Bh3 Bb7 28. Ra2 Ba6 29. Nc3 Rf8 30. Kg2 Rae8 31. Rf1 Qd8 32. Re1 Kg8 33. Kh2 Bg7 34. Rae2 f6 35. Nb5 Bc8 36. Bxc8 Qxc8 37. Na7 Qd7 38. Qd3 Bh6 39. Nc6 Qf7 40. Kg1 Kh8 41. Kg2 Qd7 42. Nd2 Qg7 43. Qc3 Kg8 44. Qd3 Rf7 45. Nf3 Rff8 46. Nh2 Rf7 47. Nf3 Rff8 48. Qb1 Rf7 49. Qc2 Rff8 50. Qb2 Nc8 51. Qc3 Nd6 52. Qd3 Rf7 53. Qc2 Rff8 54. Qd3 Rf7 55. Qc3 Rff8 56. Qc2 Rf7 57. Qb2 Rff8 58. Qc2 Rf7 59. Qb2 Rff8 60. Qb1 Rf7 61. Qa1 Rff8 62. Qb2 Nf7 63. Nh2 Nd6 64. Nf3 1/2-1/2

[Event "ZH-2014-0-01270"]
[Site "LSS email"]
[Date "2014.08.10"]
[Round "?"]
[White "Jandek, Stefan"]
[Black "Liamtsau, Valery"]
[Result "1-0"]
[WhiteElo "2327"]
[BlackElo "2213"]
[PlyCount "131"]
[EventDate "2014.08.04"]
[EventType "match (corr)"]
[EventRounds "2"]
[EventCountry "GER"]
[SourceTitle "Corr 2015"]
[Source "ChessBase"]
[SourceDate "2015.07.17"]
[SourceVersion "1"]
[SourceVersionDate "2015.07.17"]
[SourceQuality "1"]

1. e4 e6 2. d4 d5 3. Nc3 Nf6 4. e5 Nfd7 5. f4 c5 6. Nf3 cxd4 7. Nxd4 Nc6 8. Be3 Bc5 9. Qd2 0-0 10. 0-0-0 Nxd4 11. Bxd4 a6 12. Qe3 Qc7 13. Bd3 Bxd4 14. Qxd4 b5 15. Rhe1 Qc5 16. Ne2 b4 17. f5 Qxd4 18. Nxd4 Nc5 19. fxe6 fxe6 20. Rf1 Re8 21. Rf4 Rb8 22. h4 Nd7 23. Re1 Rb6 24. Kd2 Re7 25. h5 a5 26. Bb5 h6 27. g3 Ba6 28. Bxd7 Rxd7 29. Re3 Rf7 30. Ref3 Rxf4 31. gxf4 Bc8 32. Ke3 Bd7 33. f5 exf5 34. Nxf5 Kh7 35. Kd4 Be8 36. Rg3 g5 37. Nd6 Bxh5 38. Kxd5 Bd1 39. e6 Bxc2 40. Rf3 Bg6 41. e7 Kg7 42. Ke5 Rb8 43. Rf6 h5 44. Re6 h4 45. e8Q Bxe8 46. Nxe8+ Kh7 47. Kf5 Rb5+ 48. Kg4 Rc5 49. b3 a4 50. bxa4 Ra5 51. Kh5 g4+ 52. Kxh4 Rxa4 53. Re2 Kg6 54. Nc7 Ra3 55. Nb5 Ra4 56. Nd4 Kf6 57. Rb2 Ke5 58. Nc6+ Kd5 59. Nxb4+ Kc4 60. Nc6 Kc3 61. Re2 Kd3 62. Rg2 g3+ 63. Kxg3 Ke3 64. Rf2 Rc4 65. Rf3+ Kd2 66. Na7 1-0

[Event "ZH-2014-0-01258"]
[Site "LSS email"]
[Date "2014.07.24"]
[Round "?"]
[White "Corti, Horacio"]
[Black "Liamtsau, Valery"]
[Result "0-1"]
[WhiteElo "2225"]
[BlackElo "2372"]
[PlyCount "98"]
[EventDate "2014.07.20"]
[EventType "match (corr)"]
[EventRounds "2"]
[EventCountry "GER"]
[SourceTitle "Corr 2022"]
[Source "ChessBase"]
[SourceDate "2021.10.24"]
[SourceVersion "1"]
[SourceVersionDate "2021.10.24"]
[SourceQuality "1"]

1. d4 e6 2. c4 Nf6 3. Nc3 Bb4 4. Qc2 d5 5. cxd5 exd5 6. Bf4 0-0 7. e3 Nh5 8. Be5 Nd7 9. a3 Ba5 10. Nf3 Nxe5 11. Nxe5 c6 12. Be2 Nf6 13. 0-0 g6 14. Bd3 Bc7 15. h3 Qe7 16. Nf3 Re8 17. Rac1 Qf8 18. Rce1 Qh6 19. e4 Bxh3 20. Nxd5 cxd5 21. Qxc7 Bxg2 22. Kxg2 dxe4 23. Bxe4 Nxe4 24. Rh1 Qf8 25. Qxb7 Re7 26. Qd5 Rd8 27. Qc4 h5 28. Ne5 Nd6 29. Qd3 Nf5 30. Nc6 Rxe1 31. Rxe1 Rd6 32. d5 Qh6 33. Ne5 Qg5+ 34. Kf1 Qh4 35. Qe4 Qxe4 36. Rxe4 Rxd5 37. Nc6 a5 38. Ra4 Rb5 39. Rxa5 Rxb2 40. a4 Kg7 41. Kg1 Nh4 42. Rd5 Nf3+ 43. Kg2 Rb3 44. Ne5 Nxe5 45. Rxe5 Ra3 46. a5 f6 47. Rb5 g5 48. f4 Ra2+ 49. Kg3 h4+ 0-1

[Event "ZH-2014-0-01258"]
[Site "LSS email"]
[Date "2014.07.24"]
[Round "?"]
[White "Liamtsau, Valery"]
[Black "Corti, Horacio"]
[Result "1/2-1/2"]
[WhiteElo "2372"]
[BlackElo "2225"]
[PlyCount "68"]
[EventDate "2014.07.20"]
[EventType "match (corr)"]
[EventRounds "2"]
[EventCountry "GER"]
[SourceTitle "Corr 2022"]
[Source "ChessBase"]
[SourceDate "2021.10.24"]
[SourceVersion "1"]
[SourceVersionDate "2021.10.24"]
[SourceQuality "1"]

1. e4 c5 2. Nf3 d6 3. d4 cxd4 4. Nxd4 Nf6 5. Nc3 a6 6. Bg5 e6 7. f4 Qb6 8. Nb3 Be7 9. Qf3 Nbd7 10. 0-0-0 Qc7 11. Be2 b5 12. a3 Bb7 13. Bd3 Nc5 14. Rhe1 h6 15. Qh3 0-0-0 16. Bxf6 Nxb3+ 17. cxb3 Bxf6 18. Kb1 Kb8 19. Rc1 Qb6 20. Rc2 Bd4 21. b4 g6 22. Qf3 h5 23. Rd2 Rc8 24. Bc2 Rhd8 25. Rd3 Bg7 26. Red1 Rc4 27. Bb3 Rc7 28. Qe2 Bxc3 29. bxc3 f5 30. exf5 gxf5 31. Qxe6 Be4 32. Qf6 Rdc8 33. Bc2 Bxd3 34. Rxd3 Qg1+ 1/2-1/2

[Event "ZH-2014-0-01228"]
[Site "LSS email"]
[Date "2014.06.02"]
[Round "?"]
[White "Liamtsau, Valery"]
[Black "Kahl, Fred"]
[Result "1/2-1/2"]
[WhiteElo "2361"]
[BlackElo "2359"]
[PlyCount "101"]
[EventDate "2014.05.14"]
[EventType "match (corr)"]
[EventRounds "2"]
[EventCountry "GER"]
[SourceTitle "Corr 2022"]
[Source "ChessBase"]
[SourceDate "2021.10.24"]
[SourceVersion "1"]
[SourceVersionDate "2021.10.24"]
[SourceQuality "1"]

1. d4 Nf6 2. c4 g6 3. Nc3 Bg7 4. e4 d6 5. f3 0-0 6. Be3 c5 7. dxc5 dxc5 8. Qxd8 Rxd8 9. Bxc5 Nc6 10. Be3 b6 11. Rc1 Nd7 12. Nh3 Nc5 13. Nf4 e6 14. Be2 Ba6 15. 0-0 Rd7 16. Rfd1 Rxd1+ 17. Nxd1 Rd8 18. Kf1 Bd4 19. Rb1 Ne5 20. Bxd4 Rxd4 21. b3 f5 22. Kf2 fxe4 23. Ke3 Nc6 24. Nf2 e5 25. Nd5 exf3 26. Bxf3 Kf7 27. g4 Kg7 28. Rc1 Bb7 29. b4 Ne6 30. Nc3 Rd7 31. a3 e4 32. Nfxe4 Ned4 33. Be2 Nxe2 34. Nxe2 Ne5 35. h3 Re7 36. N2g3 h6 37. c5 bxc5 38. Rxc5 Nf7 39. Kd3 Ne5+ 40. Kc2 Nf7 41. Nc3 Bg2 42. Nd5 Bxd5 43. Rxd5 Ng5 44. h4 Nf3 45. h5 Re3 46. Rd7+ Kf6 47. hxg6 Kxg6 48. Nh5 Kg5 49. Rxa7 Nd4+ 50. Kd2 Rb3 51. Rd7 1/2-1/2

[Event "BI-2013-F-0006"]
[Site "LSS email"]
[Date "2014.02.21"]
[Round "?"]
[White "Liamtsau, Valery"]
[Black "Mudra, Oldrich"]
[Result "1-0"]
[WhiteElo "2184"]
[BlackElo "2033"]
[PlyCount "97"]
[EventDate "2014.02.27"]
[EventType "tourn (corr)"]
[EventRounds "10"]
[EventCountry "GER"]
[SourceTitle "Corr 2015"]
[Source "ChessBase"]
[SourceDate "2015.07.17"]
[SourceVersion "1"]
[SourceVersionDate "2015.07.17"]
[SourceQuality "1"]

1. d4 Nf6 2. c4 g6 3. Nc3 Bg7 4. Nf3 0-0 5. e4 d6 6. Be2 e5 7. 0-0 Nbd7 8. Be3 b6 9. dxe5 dxe5 10. b4 Qe7 11. Rb1 Bb7 12. Qc2 a5 13. a3 Rfd8 14. Rfd1 axb4 15. axb4 Rdc8 16. h3 Ra3 17. c5 bxc5 18. bxc5 Bc6 19. Bc4 h6 20. Nd2 Bf8 21. Nb3 Qe8 22. Nd5 Qd8 23. Ra1 Rca8 24. Rxa3 Rxa3 25. f3 Ra4 26. Kh1 g5 27. Bf2 Kg7 28. Ne3 Nh5 29. Nc1 Nf4 30. Bd5 Nxd5 31. exd5 Bb5 32. c6 Nf6 33. Qb2 Ba6 34. Bg3 Kg8 35. Bxe5 Ne8 36. Na2 Bc8 37. Nc3 Ra8 38. Ne4 Be7 39. Bg3 Bf8 40. d6 cxd6 41. Nd5 Bg7 42. c7 Nxc7 43. Ndf6+ Kh8 44. Be5 Be6 45. Rxd6 Qf8 46. Nh5 Ne8 47. Nxg7 Nxg7 48. h4 gxh4 49. Qd4 1-0

[Event "BI-2013-F-0006"]
[Site "LSS email"]
[Date "2014.02.21"]
[Round "?"]
[White "Osipov, Anatoly Vladimirovi"]
[Black "Liamtsau, Valery"]
[Result "0-1"]
[WhiteElo "2184"]
[BlackElo "2184"]
[PlyCount "72"]
[EventDate "2014.02.27"]
[EventType "tourn (corr)"]
[EventRounds "10"]
[EventCountry "GER"]
[SourceTitle "Corr 2015"]
[Source "ChessBase"]
[SourceDate "2015.07.17"]
[SourceVersion "1"]
[SourceVersionDate "2015.07.17"]
[SourceQuality "1"]

1. e4 e6 2. d4 d5 3. Nc3 Nf6 4. e5 Nfd7 5. f4 a6 6. Nf3 c5 7. Be3 Nc6 8. Qd2 cxd4 9. Nxd4 Bc5 10. 0-0-0 Nxd4 11. Bxd4 0-0 12. Kb1 b5 13. Ne2 a5 14. Bxc5 Nxc5 15. g4 b4 16. Bg2 Ba6 17. Nd4 Qc7 18. h4 Rfb8 19. f5 a4 20. f6 Kh8 21. Rh3 a3 22. Re1 gxf6 23. Qh6 Nd7 24. Bxd5 exd5 25. e6 b3 26. Rxb3 Qa5 27. Rd1 fxe6 28. Nc6 Qc7 29. Nxb8 Rxb8 30. Qe3 Rxb3 31. axb3 Qe5 32. Qxe5 fxe5 33. bxa3 e4 34. c4 Ne5 35. cxd5 e3 36. d6 e2 0-1